Differential and integral calculus
Spremljeno u:
| Glavni autor: | |
|---|---|
| Format: | Knjiga |
| Jezik: | engleski |
| Izdano: |
Nueva York
McGraw-Hill
1955
|
| Izdanje: | 2a. ed |
| Teme: | |
| Oznake: |
Dodaj oznaku
Bez oznaka, Budi prvi tko označuje ovaj zapis!
|
MARC
| LEADER | 00000nam a2200000 a 4500 | ||
|---|---|---|---|
| 001 | UCP1405 | ||
| 003 | CL-VaPUC | ||
| 008 | 990409e19550000US |||||||||||||||||eng|d | ||
| 082 | 0 | 4 | |a 515.33 |b BAC |2 21 |
| 100 | 0 | |a Bacon, Harold Maile |e author |9 427437 | |
| 245 | 1 | 0 | |a Differential and integral calculus |
| 250 | |a 2a. ed | ||
| 300 | |a 547 p | ||
| 942 | |c BK | ||
| 945 | |d 19990409 00:00:00 |a crobeson | ||
| 260 | |a Nueva York |b McGraw-Hill |c 1955 | ||
| 650 | 0 | |a Cálculo diferencial |9 260102 | |
| 650 | 0 | |a Cálculo integral |9 260103 | |
| 650 | 0 | |a Funciones algebraicas |9 271204 | |
| 650 | 0 | |a Funciones trigonométricas |9 421678 | |
| 650 | 0 | |a Funciones exponenciales |9 360716 | |
| 650 | 0 | |a Series infinitas |9 270114 | |
| 650 | 0 | |a Integrales |9 260233 | |
| 583 | |a last modification |c 19990409 00:00:00 |k Rodrigo Vera | ||
| 999 | |c 280084 |d 280082 | ||
| 952 | |0 0 |1 0 |4 0 |6 515_330000000000000_BAC_1955 |7 0 |8 A |9 320086 |a BIBMAT |b BIBMAT |d 2019-11-20 |i 1340565 |o 515.33 BAC 1955 |p 1340565 |r 2025-01-07 |w 2019-11-20 |y BK |k MAT | ||
| 952 | |0 0 |1 0 |4 0 |6 515_330000000000000_BAC_1955 |7 0 |8 A |9 320087 |a BIBMAT |b BIBMAT |d 2019-11-20 |i 1340573 |o 515.33 BAC 1955 |p 1340573 |r 2025-01-07 |w 2019-11-20 |y BK |k MAT | ||
| 952 | |0 0 |1 0 |4 0 |6 515_330000000000000_BAC_1955 |7 0 |8 A |9 320088 |a BIBMAT |b BIBMAT |d 2019-11-20 |i 1340581 |o 515.33 BAC 1955 |p 1340581 |r 2025-01-07 |w 2019-11-20 |y BK |k MAT | ||